| 000 | 01067cad a22002175a 4500 | ||
|---|---|---|---|
| 001 | L149739 | ||
| 008 | 100416s2010 xxkd f s 000 0 eng d | ||
| 035 | _a(Sirsi) u149739 | ||
| 041 | 0 | _aeng | |
| 050 | 0 | 4 | _a332.6324 $2 18 |
| 110 | 2 |
_aInvestment Property Databank _92288 |
|
| 245 | 0 | 0 |
_aIPD UK residential investment index 2009 _bresults for the year ending 31 December 2009 _h[electronic resource] |
| 260 |
_aLondon _bIPD _c2010 |
||
| 520 | _aMeasures ungeared total returns to directly held standing property investments from one open market valuation to the next. Total return index, total return%, income return%, capital growth% and annualised total return%. 2009 index returned 11%. Index covers 2001-2009. | ||
| 590 | _aKA NTK | ||
| 650 | 2 | 4 | _aIPD UK RESIDENTIAL INVESTMENT INDEX |
| 651 | 4 |
_aUnited Kingdom _y |
|
| 690 | _aPROPERTY-RESIDENTIAL PROPERTY-RESIDENTIAL PROPERTY FINANCE AND INVESTMENT | ||
| 856 | 4 | 0 |
_uhttps://www.ipd.com/LinkClick.aspx?fileticket=WxLvvwBMjMo%3d&tabid=1006&mid=4783 _zView the item free of charge at www.ipd.com |
| 942 | _n0 | ||
| 999 |
_c110612 _d110612 |
||